The history of the Middle East wars / (Record no. 549843)

000 -LEADER
fixed length control field 00473cam a2200157 a 4500
020 ## - INTERNATIONAL STANDARD BOOK NUMBER
International Standard Book Number 0600347613 :
022 ## - INTERNATIONAL STANDARD SERIAL NUMBER
International Standard Serial Number 0792456572
082 00 - DEWEY DECIMAL CLASSIFICATION NUMBER
Classification number 956
Author Mark WES
-- L-NUST, P-39
100 1# - MAIN ENTRY--PERSONAL NAME
Personal name Westwood, J. N.
9 (RLIN) 46529
245 14 - TITLE STATEMENT
Title The history of the Middle East wars /
Statement of responsibility, etc. J.N. Westwood.
260 ## - PUBLICATION, DISTRIBUTION, ETC.
Place of publication, distribution, etc. London ;
-- New York :
Name of publisher, distributor, etc. Hamlyn,
Date of publication, distribution, etc. c1984.
300 ## - PHYSICAL DESCRIPTION
Extent 189 p. :
Other physical details ill. (some col.) ;
Dimensions 32 cm.
500 ## - GENERAL NOTE
General note Includes index.
526 ## - STUDY PROGRAM INFORMATION NOTE
Program name 0
Interest level 0
Reading level 0
Title point value 956_000000000000000_WES
942 ## - ADDED ENTRY ELEMENTS (KOHA)
Source of classification or shelving scheme
Koha item type Book
Holdings
Withdrawn status Lost status Source of classification or shelving scheme Damaged status Not for loan Permanent Location Current Location Date acquired Total Checkouts Full call number Barcode Date last seen Price effective from Koha item type
          Military College of Engineering (MCE) Military College of Engineering (MCE) 10/15/2014   956 WES MCE-44325 10/15/2014 10/15/2014 Book
© 2023 Central Library, National University of Sciences and Technology. All Rights Reserved.